001980000a220007300045001000022000002450038000223000036000607730028000961 aReyes, Luz Marina10aViolencia y maltrato a la niñez aNúm 6 (1995), Páginas 28-360 tMision evangélica hoy